| 000 | 00670nam a2200181Ia 4500 | ||
|---|---|---|---|
| 005 | 20251020182611.0 | ||
| 008 | 200515s9999 xx 000 0 und d | ||
| 082 | _aSC/666.540/I59 | ||
| 110 | _aIninvi | ||
| 245 | 0 | _aUso de la Piedra Pómez en la Construcción (Informe) | |
| 260 | _aLima | ||
| 260 | _c1984 | ||
| 300 | _as.n. | ||
| 520 | _aInforme correspondiente a las actividades realizadas en el Proyecto "Uso de la piedra pómez en la construcción" que ejecuta el ININVI de acuerdo al Convenio específico ININVI - ITINTEC Nº 3167 y a las clausulas adicionales del mismo, de fecha 10-06-83 | ||
| 650 | _aPIEDRA POMEZ | ||
| 650 | _aPUB ININVI | ||
| 942 | _cLIB | ||
| 999 |
_c3354 _d3354 |
||